| 000 | 00829nam a22002657a 4500 | ||
|---|---|---|---|
| 001 | BR6003202 | ||
| 003 | BR-BrBNA | ||
| 005 | 20230928083148.0 | ||
| 007 | ta | ||
| 008 | 230509b bl.||||| |||| 00| 0 por d | ||
| 040 |
_aBR-BrBNA _bpor _cBiblioteca Nacional de Agricultura |
||
| 041 | _a(Por) | ||
| 072 | _aL73 | ||
| 090 | _ L73 BR6003202 | ||
| 100 | 1 | _aMacedo, L.R.T. de | |
| 110 | 1 |
_aEscola Fluminense de Medicina Veterinaria, Rio de Janeiro, GB (Brasil) _0Tese (Catedra) _94313 |
|
| 245 | 1 | _aAcao bacteriostatica e bactericida, in vitro, do acido P - aminosalicilico (sal sodico)sobre as brucelas | |
| 260 | 3 |
_aRio de Janeiro, GB (Brasil): _c1945. |
|
| 300 | _a61 p. | ||
| 500 | _aBibliography (111 ref.) | ||
| 650 | _aDoenca animal | ||
| 650 | _aBrucelose | ||
| 909 |
_a202309 _bLucia _c55 _dLucia Elande |
||
| 942 | _cBK | ||
| 999 |
_c11912 _d11912 |
||